Dipartimenti e regioni d'oltremare francesi - Statistics

Statistiche generali
  • Questo quiz è stato fatto 23 volte
  • Il punteggio medio è 4 su 5
Statistiche sulle risposte
Superficie (km²) Popolazione (ab.) Capitale Dipartimento d'oltremare % Corretto
86 504 290 621 Caienna Guyana francese
84%
1 628 397 990 Basse-Terre Guadalupa
79%
1 128 361 225 Fort-de-France Martinica
79%
376 256 518 Mamoudzou Mayotte
63%
2 512 868 846 Saint-Denis La Riunione
53%
Nessun quiz corrispondente trovato
Distribuzione punteggi
Percentuale di utenti per punteggio
Percentile per numero di risposta
I tuoi punteggi nel tempo
Non hai fatto questo quiz